000 00966nam0a2200289 i 4500
001 RU\NLR\BIBL_A\011267773
005 20240726220458.0
010 _a9785906868695
_921
021 _aRU
_b2016-82747
_95406
035 _a(NLR Aleph) 011267773
090 _a10805527
_c10805527
100 _a20161110d2016 u y0rusy50 ca
101 0 _arus
102 _aRU
105 _ay z 000ay
200 1 _aГрешники оправданы... Боги наказаны... Вояджер продолжает свой бесконечный путь...
_fА. Зайнуллин, Р. Зайнуллин
210 _aМосква
_cИзд-во Российского союза писателей
_d2016
215 _a300, [3] с.
_d21
333 _a18+
686 2 _aШ6(2=Р)8-445
700 1 _aЗайнуллин
_bА.
701 1 _aЗайнуллин
_bР.
942 _cBOOK
980 _aNBR